000 00670nam a2200217 a 4500
001 000021746
005 20200930011432.0
008 100910s1999 pr r 000 f spa d
020 _a1563280981
040 _aDO-SdBNP
_bspa
_cBNPHU
082 _a894.511
_bB282n
100 1 _aBarsy, Kalman,
_d1942-
_939130
245 1 0 _aNaufragio /
_cKalman Barsy.
260 _aRío Piedras, Puerto Rico :
_bPlaza Mayor,
_c1999.
300 _a221, [3] p. ;
_c21 cm.
490 1 _aBiblioteca de autores de Puerto Rico
650 4 _aNovela húngara
_945196
650 4 _aLiteratura húngara
_ySIGLO XX
_945197
830 0 _aBiblioteca de autores de Puerto Rico
_99722
049 _aBNGR
999 _c21245
_d21245